=LDR 00000nam 2200000 4500 =001 INLIS000000000012018 =005 20130612103550 =008 ***********************************Ind** =035 ##$$0010-061300000012018 =041 ##$$a Ind =082 ##$$a 591.824 =090 ##$$a Dellman, H. Deeter =100 ##$$a Dellman, H. Deeter =245 ##$$a Buku teks histologi Vetermer, H. Dieter Delman, Esther M.Brown; Penerjemah, R. Hartono =260 ##$$a 1988 $b Jakarta =300 ##$$a ix, 279 hlm., 23 cm =650 ##$$a Histologi binatang =700 ##$$a Brown, Esther M. =700 ##$$a Hartono, R =850 ##$$a NBPNMAT